[Event "Rowy op 09"]
[Site "Rowy"]
[Date "2012.09.??"]
[Round "6"]
[White "Debowski, Stanislaw"]
[Black "Radwan, Jan"]
[Result "0-1"]
[WhiteElo "1741"]
[BlackElo "1618"]
[PlyCount "39"]
[EventDate "2012.09.??"]
[EventType "swiss"]
[EventRounds "9"]
[EventCountry "POL"]
[SourceTitle "EXT 2014"]
[Source "ChessBase"]
[SourceDate "2013.11.20"]
[SourceVersion "1"]
[SourceVersionDate "2013.11.20"]
[SourceQuality "1"]

1. d4 Nf6 2. e3 b6 3. f4 Bb7 4. Nf3 Ne4 5. Bd3 e6 6. 0-0 Be7 7. Nbd2 d5 8. Ne5 0-0 9. Qh5 c5 10. c3 Nd7 11. g4 cxd4 12. exd4 Nxe5 13. fxe5 h6 14. Nf3 Rc8 15. h4 Ng3 16. Kh2 Nxh5 17. gxh5 f5 18. Kh3 Qe8 19. Rg1 Qxh5 20. Rg3 0-1

[Event "POL-ch disabled"]
[Site "Rowy"]
[Date "2009.09.02"]
[Round "3.30"]
[White "Zarow, Elzbieta"]
[Black "Radwan, Jan"]
[Result "0-1"]
[WhiteElo "1523"]
[BlackElo "1741"]
[PlyCount "29"]
[EventDate "2009.09.01"]
[EventType "swiss"]
[EventRounds "9"]
[EventCountry "POL"]
[SourceTitle "EXT 2023"]
[Source "ChessBase"]
[SourceDate "2022.10.05"]
[SourceVersion "1"]
[SourceVersionDate "2022.10.05"]
[SourceQuality "1"]

1. e4 c5 2. Nf3 e6 3. d4 cxd4 4. Nxd4 Nf6 5. Bd3 Qa5+ 6. Bd2 Qb6 7. Bc3 Bc5 8. e5 Nd5 9. Qg4 0-0 10. 0-0 Nxc3 11. bxc3 f5 12. Qh4 Qb2 13. Nd2 Qxc3 14. N2b3 a6 15. Rfe1 0-1

[Event "Wisla op"]
[Site "Wisla"]
[Date "2009.05.06"]
[Round "4"]
[White "Hodowany, Wojciech"]
[Black "Radwan, Jan"]
[Result "0-1"]
[WhiteElo "1780"]
[BlackElo "1741"]
[PlyCount "35"]
[EventDate "2009.05.04"]
[EventType "swiss"]
[EventRounds "11"]
[EventCountry "POL"]
[SourceTitle "EXT 2012"]
[Source "ChessBase"]
[SourceDate "2011.11.24"]
[SourceVersion "1"]
[SourceVersionDate "2011.11.24"]
[SourceQuality "1"]

1. d4 e6 2. c4 d6 3. Nc3 c6 4. e4 Be7 5. Nf3 Nd7 6. Bf4 Qb6 7. Qd2 Ngf6 8. Bd3 Nh5 9. Be3 c5 10. 0-0 cxd4 11. Nxd4 Qd8 12. Be2 Nhf6 13. b4 0-0 14. Ndb5 a5 15. a3 Ne5 16. c5 axb4 17. axb4 Rxa1 18. Rxa1 0-1

[Event "Wisla op"]
[Site "Wisla"]
[Date "2009.05.05"]
[Round "2"]
[White "Radwan, Jan"]
[Black "Slaby, Stanislaw"]
[Result "0-1"]
[WhiteElo "1741"]
[BlackElo "1785"]
[PlyCount "89"]
[EventDate "2009.05.04"]
[EventType "swiss"]
[EventRounds "11"]
[EventCountry "POL"]
[SourceTitle "EXT 2012"]
[Source "ChessBase"]
[SourceDate "2011.11.24"]
[SourceVersion "1"]
[SourceVersionDate "2011.11.24"]
[SourceQuality "1"]

1. b4 d5 2. Bb2 e6 3. e3 Nf6 4. a3 Bd6 5. c4 0-0 6. Nf3 dxc4 7. Bxc4 b6 8. 0-0 Bb7 9. d3 a6 10. e4 Be7 11. Qe2 Nbd7 12. Rd1 Qc8 13. Nbd2 c5 14. b5 axb5 15. Bxb5 Bc6 16. a4 Bxb5 17. axb5 Qb7 18. Nc4 Rxa1 19. Rxa1 Ra8 20. Qd1 Ne8 21. h3 h5 22. Nfe5 Rxa1 23. Qxa1 Nxe5 24. Nxe5 Nc7 25. Qa4 Bf6 26. f4 Bxe5 27. Bxe5 f6 28. Bc3 Qa8 29. Qc4 Qa3 30. f5 Kf7 31. d4 Qc1+ 32. Kh2 Qf4+ 33. Kh1 Qxe4 34. fxe6+ Nxe6 35. Qa2 cxd4 36. Qa7+ Kg6 37. Bd2 Qb1+ 38. Kh2 Qxb5 39. Qb8 Qe5+ 40. Qxe5 fxe5 41. Kg3 e4 42. Bb4 Kf6 43. Bd6 g5 44. Kf2 h4 45. g3 0-1

[Event "Podhale-ch 18th"]
[Site "Rabka Zdroj"]
[Date "2002.02.01"]
[Round "1"]
[White "Radwan, Jan"]
[Black "Mikrut, Dariusz"]
[Result "0-1"]
[WhiteElo "2000"]
[BlackElo "2388"]
[PlyCount "86"]
[EventDate "2002.02.01"]
[EventType "swiss"]
[EventRounds "9"]
[EventCountry "POL"]
[SourceTitle "EXT 2005"]
[Source "ChessBase"]
[SourceDate "2004.11.15"]
[SourceVersion "1"]
[SourceVersionDate "2004.11.15"]
[SourceQuality "1"]

1. b4 d5 2. Bb2 Qd6 3. a3 e5 4. e3 Nd7 5. Nf3 Be7 6. c4 c6 7. c5 Qc7 8. Be2 Ngf6 9. h3 0-0 10. 0-0 Re8 11. d4 e4 12. Nh2 Nf8 13. Nd2 Ng6 14. Re1 Qd7 15. Ndf1 Bd8 16. Ng4 Nxg4 17. Bxg4 f5 18. Bh5 Bc7 19. Nh2 Qe7 20. Bxg6 hxg6 21. f4 Qh4 22. Qe2 g5 23. Bc1 gxf4 24. exf4 Bxf4 25. Nf3 Qg3 26. Bxf4 Qxf4 27. Ne5 Rxe5 28. dxe5 Qxe5 29. Qh5 Be6 30. Rad1 Qg3 31. Rf1 Rf8 32. Ra1 d4 33. a4 d3 34. Ra3 g6 35. Qh6 Bd5 36. Qf4 Qxf4 37. Rxf4 g5 38. Rf1 f4 39. b5 d2 40. Rc3 e3 41. Rd3 Bc4 42. Rd6 e2 43. Rg6+ Kh7 0-1